Los partidos en Colombia / (Registro nro. 5699)

Detalles MARC
000 -LEADER
fixed length control field 00566nam a2200193Ia 4500
003 - CONTROL NUMBER IDENTIFIER
control field OSt
005 - DATE AND TIME OF LATEST TRANSACTION
control field 20200424005950.0
008 - FIXED-LENGTH DATA ELEMENTS--GENERAL INFORMATION
fixed length control field 191128s1984 ck gr 000 0 spa d
040 ## - CATALOGING SOURCE
Original cataloging agency CO-JMCR
Transcribing agency CO-JMCR
041 0# - LANGUAGE CODE
Language code of text/sound track or separate title spa
082 04 - DEWEY DECIMAL CLASSIFICATION NUMBER
Classification number 324.2861 /
Item number S192p
Edition number 23
100 1# - MAIN ENTRY--PERSONAL NAME
Personal name Samper, José María,
Relator term autor
9 (RLIN) 3521
245 10 - TITLE STATEMENT
Title Los partidos en Colombia /
Statement of responsibility, etc. José María Samper
250 ## - EDITION STATEMENT
Edition statement Tercera edición
260 ## - PUBLICATION, DISTRIBUTION, ETC.
Place of publication, distribution, etc. Bogotá :
Name of publisher, distributor, etc. Editorial incunables,
Date of publication, distribution, etc. 1984
300 ## - PHYSICAL DESCRIPTION
Extent 148 páginas ;
Dimensions 20 cm.
650 14 - SUBJECT ADDED ENTRY--TOPICAL TERM
Topical term or geographic name entry element Partidos políticos
Geographic subdivision Colombia
9 (RLIN) 3522
942 ## - ADDED ENTRY ELEMENTS (KOHA)
Source of classification or shelving scheme Dewey Decimal Classification
Koha item type Books
Existencias
Withdrawn status Lost status Source of classification or shelving scheme Damaged status Not for loan Collection code Home library Current library Date acquired Source of acquisition Cost, normal purchase price Total Checkouts Full call number Barcode Date last seen Date last checked out Copy number Koha item type
    Dewey Decimal Classification     Non-fiction Biblioteca Pública José María del Castillo y Rada Biblioteca Pública José María del Castillo y Rada 04/15/2018 Donación 0.00 1 324.2861 / S192p 430003930 04/13/2026 04/13/2026 Ej.1 Books